Communitas (Registro nro. 2108)
[ vista simple ]
| 000 -CABECERA | |
|---|---|
| campo de control de longitud fija | 00219nam a2200109Ia 4500 |
| 008 - DATOS DE LONGITUD FIJA--INFORMACIÓN GENERAL | |
| campo de control de longitud fija | 150616s9999 xx 000 0 und d |
| 040 ## - FUENTE DE LA CATALOGACIÓN | |
| Centro/agencia transcriptor | |
| 040 ## - FUENTE DE LA CATALOGACIÓN | |
| Centro/agencia modificador | OCLC |
| 100 ## - ENTRADA PRINCIPAL--NOMBRE DE PERSONA | |
| Nombre de persona | Esposito |
| 245 ## - MENCIÓN DE TÍTULO | |
| Título | Communitas |
| 942 ## - ELEMENTOS DE PUNTO DE ACCESO ADICIONAL (KOHA) | |
| Tipo de ítem Koha | Libros |
| Estado de retiro | Estado de pérdida | Fuente del sistema de clasificación o colocación | Estado dañado | Excepción de préstamo | Localización permanente | Ubicación/localización actual | Ubicación en estantería | Fecha de adquisición | Número de inventario | Total de préstamos | Código de barras | Fecha visto por última vez | Precio válido a partir de | Tipo de ítem Koha |
|---|---|---|---|---|---|---|---|---|---|---|---|---|---|---|
| Dewey Decimal Classification | DEPOSITO Biblioteca Riobamba | DEPOSITO Biblioteca Central | DEPOSITO Biblioteca Riobamba | 16/06/2015 | 2109 | 2109 | 16/06/2015 | 16/06/2015 | Libros |

